La revolución del Marketing

Uloženo v:
Podrobná bibliografie
Hlavní autoři: Clancy, Kevin J (Autor), Shulman, Robert S (Autor)
Médium: Kniha
Jazyk:španělština
Vydáno: Buenos Aires Javier Vergara 1994
Vydání:1a. ed
Témata:
Tagy: Přidat tag
Žádné tagy, Buďte první, kdo vytvoří štítek k tomuto záznamu!

MARC

LEADER 00000cam a2200000 a 4500
001 UCD8862
003 CL-VaPUC
008 170527e19940000ag |||||||||||||||||spa|d
020 |a 9501513874 
082 0 4 |a 658.8  |b CLA  |2 21 
100 0 |a Clancy, Kevin J  |e author  |9 592423 
700 0 |a Shulman, Robert S  |e author  |9 592424 
245 1 3 |a La revolución del Marketing 
250 |a 1a. ed 
300 |a 370 p 
942 |c BK 
945 |d 20170527 00:32:00  |a dcastane 
260 |a Buenos Aires  |b Javier Vergara  |c 1994 
650 0 |a Marketing  |9 259324 
650 7 |a MERCADEO  |2 CL-VaPUC  |9 261154 
650 0 |a Publicidad  |9 314572 
583 |a last modification  |c 20170527 00:32:00  |k Rodrigo Vera 
999 |c 368170  |d 368168